UBT Library

Shteti i komuniteteve : (Record no. 142)

000 -LEADER
fixed length control field 00593nam a22001937a 4500
008 - FIXED-LENGTH DATA ELEMENTS--GENERAL INFORMATION
fixed length control field 131021b xxu||||| |||| 00| 0 alb d
020 ## - INTERNATIONAL STANDARD BOOK NUMBER
International Standard Book Number 9789951100045
041 0# - LANGUAGE CODE
Language code of text/sound track or separate title alb
080 ## - UNIVERSAL DECIMAL CLASSIFICATION NUMBER
Universal Decimal Classification number 321.7/323.1
Common auxiliary subdivision (496.5)
100 1# - Rafti
Rafti Ramadani, Burim
100 1# - Rafti
-- 1981-
245 10 - TITLE STATEMENT
Title Shteti i komuniteteve :
Statement of responsibility, etc Burim Ramadani.
260 ## -
-- Prishtinë
-- Zëri ;
-- 2009
300 ## -
-- 155 f. :
-- 21 cm.
500 ## -
-- Parathënie/ Blerim Shala : f. 6-11
505 ## -
-- Literatura : f. 149-154
650 #0 -
-- Levizjet kombëtare
-- Kosova
650 #0 -
-- Demokracia
-- Kosova
942 ## - ADDED ENTRY ELEMENTS (KOHA)
Source of classification or shelving scheme
Item type Books
Holdings
Withdrawn status Lost status Source of classification or shelving scheme Damaged status Not for loan Collection code Permanent location Current location Shelving location Date acquired Total Checkouts Full call number Barcode Date last seen Price effective from Koha item type
          Koleksioni i përgjithshem UBT - Prishtine UBT - Prishtine Koleksioni i përgjithshem 10/21/2013   321.7/323.1 (496.51) RAM 001-000158 10/21/2013 10/21/2013 Books
UBT Library © 2015-2024. All rights reserved University Education for Business and Technology